PGL Major Copenhagen 2024 teams - Statistics

General Stats
  • This quiz has been taken 28 times
  • The average score is 13 of 24
Answer Stats
Ranking Team % Correct
2nd FaZe Clan
95%
1st Natus Vincere
95%
3rd-4rd G2
81%
20th-22nd ENCE
76%
15th-16th FURIA
76%
5th-8th Cloud9
67%
5th-8th MOUZ
67%
5th-8th Team Spirit
67%
3rd-4rd Team Vitality
57%
9th-11th Virtus.pro
52%
5th-8th Eternal Fire
48%
12th-14th HEROIC
48%
9th-11th Complexity
43%
17th-19th GamerLegion
43%
12th-14th Imperial
43%
9th-11th paiN
43%
15th-16th The MongolZ
43%
23rd-24th KOI
38%
17th-19th Legacy
38%
17th-19th SAW
38%
20th-22th Lynn Vision
33%
23rd-24th AMKAL
29%
20th-22nd Apeks
29%
12th-14th ECSTATIC
29%
No matching quizzes found
Score Distribution
Percent of People with Each Score
Percentile by Number Answered
Your Score History
You have not taken this quiz